000 00884cab a2200277 4500
001 ABS53820
008 090401t1995 xxu||||| |||| 00| 0 eng d
035 _a(Sirsi) u6750
041 _aeng
100 _aSheridan, M.
245 _aArea review: Greater Los Angeles
260 _c1995
350 _a0
490 _aNational Real Estate Investor
_v37(9) September 1995, 102-104(2)
520 _aOverview of the real estate market in Los Angeles.
650 _aCALIFORNIA
650 _aINDUSTRIAL MARKET
650 _aLOS ANGELES
650 _aPROPERTY-COMMERCIAL PROPERTY-OFFICE PROPERTY-OFFICE PROPERTY MARKET
650 _aPROPERTY-COMMERCIAL PROPERTY-RETAIL PROPERTY-RETAIL PROPERTY MARKET
650 _aUNITED STATES
690 _aPROPERTY-COMMERCIAL PROPERTY-COMMERCIAL PROPERTY MARKET
690 _aOVERSEAS-NORTH AMERICA
942 _n0
948 _c04/03/1997
999 _c4017
_d4017